[Event "1st WMSG Rapid Team"]
[Site "Beijing CHN"]
[Date "2008.10.15"]
[Round "3"]
[White "Mahjoob,M"]
[Black "Tu Hoang Thong"]
[Result "1-0"]
[WhiteElo "2507"]
[BlackElo "2496"]

1.e4 e6 2.d4 d5 3.Nd2 Be7 4.Ngf3 Nf6 5.e5 Nfd7 6.Bd3 c5 7.c3 Nc6 8.O-O g5
9.dxc5 g4 10.Nd4 Ncxe5 11.N2b3 Nxd3 12.Qxd3 Bxc5 13.Nxc5 Nxc5 14.Qb5+ Nd7
15.Re1 O-O 16.Bh6 Re8 17.Qe2 Qh4 18.Nf5 Qh5 19.Ng7 Qxh6 20.Nxe8 Qg6 21.Rad1 b6
22.Nd6 Nf6 23.Rd4 Bd7 24.c4 Bc6 25.cxd5 Bxd5 26.Nc4 h5 27.Qe5 Rc8 28.Ne3 Bxa2
29.Ra4 Bd5 30.Rxa7 h4 31.Ra4 h3 32.Rf4 Nd7 33.Qd6 Nf6 34.Rxf6 Qxf6 35.Nxd5 Qd8
36.Ne7+  1-0

[Event "1st WMSG Rapid Team"]
[Site "Beijing CHN"]
[Date "2008.10.15"]
[Round "5"]
[White "Irie,Y"]
[Black "Hussein,HA"]
[Result "0-1"]
[WhiteElo "2021"]
[BlackElo "2354"]

1.e4 e6 2.d4 d5 3.Nd2 a6 4.c3 c5 5.Ngf3 cxd4 6.Nxd4 dxe4 7.Nxe4 e5 8.Nf3 Qxd1+
9.Kxd1 Nc6 10.Bc4 f6 11.Be3 Bf5 12.Nfd2 O-O-O 13.Ke2 Kc7 14.f3 Nge7 15.Rhd1 Nd5
16.Bxd5 Rxd5 17.Nc4 Bxe4 18.fxe4 Rxd1 19.Rxd1 Be7 20.Bb6+ Kc8 21.b4 Rf8 22.a4 Nb8
23.Be3 Nd7 24.Rd5 Kc7 25.a5 Kc6 26.g4 Rd8 27.Bb6 Nxb6 28.Nxb6 Kc7 29.Kd3 g6
30.c4 Bxb4 31.Rxd8 Kxd8 32.Nd5 Bxa5 33.Nxf6 h6 34.Ng8 h5 35.gxh5 gxh5 36.Nf6 h4
37.Ng4 Bc7 38.Ne3 Kd7 39.Nf5 Bd8 40.h3 b6 41.Kc3 Bf6 42.Kb4 Kc6 43.Ne3 Bg5
44.Nd5 Bd2+ 45.Kb3 Kc5 46.Kc2 Be1 47.Kd3 a5 48.Ne3 a4 49.Nc2 Bf2 50.Kc3 Bd4+
51.Kd3 Bb2 52.Ne1 a3 53.Kc2 Kxc4 54.Nd3 Bd4 55.Nc1 b5 56.Na2 b4 57.Nc1 a2
58.Nxa2 b3+ 59.Kb1 bxa2+ 60.Kxa2 Kd3  0-1

[Event "1st WMSG Rapid Team w"]
[Site "Beijing CHN"]
[Date "2008.10.15"]
[Round "6"]
[White "Van Nies,P"]
[Black "Rudolf,An"]
[Result "0-1"]
[WhiteElo "2165"]
[BlackElo "2318"]

1.e4 e6 2.d4 d5 3.Nd2 Be7 4.Bd3 c5 5.dxc5 Nf6 6.exd5 Qxd5 7.Ngf3 Bxc5 8.O-O O-O
9.Nb3 Bb6 10.c4 Qh5 11.Bf4 Nbd7 12.Bd6 Rd8 13.c5 e5 14.cxb6 e4 15.Be2 exf3
16.Bxf3 Qg6 17.Bc7 Re8 18.bxa7 Rxa7 19.Qd4 Ra6 20.Nc5 Nxc5 21.Qxc5 Ne4 22.Qd4 Rae6
23.Rad1 h5 24.Kh1 R6e7 25.Bf4 Rd7 26.Qa4 Rde7 27.Be3 Bf5 28.a3 Kh7 29.Qa5 Bg4
30.Bxg4 hxg4 31.Rd8 Rxd8 32.Qxd8 Qf6 33.Qd4 Qf5 34.Kg1 Rd7 35.Qb6 Ng5 36.Bxg5 Qxg5
37.Qe3 Qf5 38.Re1  0-1

[Event "24th ECC"]
[Site "Kallithea GRE"]
[Date "2008.10.17"]
[Round "1"]
[White "Palac,M"]
[Black "Laurent,B"]
[Result "1/2-1/2"]
[WhiteElo "2583"]
[BlackElo "2370"]

1.e4 e6 2.d4 d5 3.Nd2 Nc6 4.Ngf3 Nf6 5.e5 Nd7 6.Bb5 a6 7.Bxc6 bxc6 8.Nb3 c5
9.Bg5 Be7 10.Na5 Nxe5 11.Nxe5 Bxg5 12.dxc5 O-O 13.O-O Bf6 14.f4 Bd7 15.b4 Bxe5
16.fxe5 Bb5 17.Re1 Qh4 18.c3 f6 19.Qd2 fxe5 20.a4 Bc4 21.Rxe5 Rf6 22.Nxc4 Qxc4
23.Qe1 d4 24.Re4 Qxc3 25.Qxc3 dxc3  1/2-1/2

[Event "IM"]
[Site "Petah Tiqwa ISR"]
[Date "2008.10.17"]
[Round "1"]
[White "Boruchovsky,A"]
[Black "Axelrod,A"]
[Result "1/2-1/2"]
[WhiteElo "2080"]
[BlackElo "2283"]

1.e4 e6 2.d4 d5 3.Nd2 Nc6 4.Ngf3 Nf6 5.e5 Nd7 6.c3 f6 7.exf6 Qxf6 8.Be2 e5
9.dxe5 Ndxe5 10.O-O Bd6 11.Nxe5 Nxe5 12.Nf3 c6 13.Nxe5 Bxe5 14.f4 Bc7 15.Bh5+ g6
16.Re1+ Kf7 17.Bg4 h5 18.Bxc8 Raxc8 19.Be3 Rhe8 20.Qf3 Re4 21.Bd4 Qf5 22.Rxe4 dxe4
23.Qe2 Rd8 24.g3 Bb6 25.Bxb6 axb6 26.Re1 Rd3 27.Qxe4 Qxe4 28.Rxe4 Rd2 29.Rb4 b5
30.a4 bxa4 31.Rxb7+ Ke6 32.Rb4 Kd5 33.h3 c5 34.Rxa4 Rxb2 35.Ra6 Rc2 36.Rxg6 Ke4
37.Kf1 Rxc3 38.Ke2 Rc2+ 39.Kd1 Rg2 40.g4  1/2-1/2

[Event "24th ECC"]
[Site "Kallithea GRE"]
[Date "2008.10.18"]
[Round "2"]
[White "Sorensen,Jan1"]
[Black "Lehtivaara,P"]
[Result "1-0"]
[WhiteElo "2416"]
[BlackElo "2394"]

1.e4 e6 2.d4 d5 3.Nd2 Be7 4.Ngf3 Nf6 5.e5 Nfd7 6.Bd3 c5 7.c3 Nc6 8.O-O g5
9.a3 cxd4 10.cxd4 Qb6 11.b4 g4 12.b5 Nxd4 13.Nxd4 Qxd4 14.Nb3 Qxe5 15.f4 Qg7
16.Be3 f5 17.Rc1 O-O 18.a4 Qf7 19.a5 Re8 20.Qd2 Bd6 21.Qf2 a6 22.bxa6 bxa6
23.Rc6 Qe7 24.Bd4 Bb7 25.Rxd6 Qxd6 26.h3 Qe7 27.hxg4 fxg4 28.Qg3 Nf6 29.Qh4 Rf8
30.Re1 Bc8 31.Re5 Rf7 32.Rg5+ Rg7 33.Rxg7+ Kxg7 34.Qxh7+ Kf8 35.Qh6+ Qg7
36.Qxf6+ Qxf6 37.Bxf6 Bd7 38.Nc5 Bb5 39.Bg6 Rc8 40.Nxe6+ Kg8 41.Kf2 Rc6 42.Bf5 Kf7
43.Nd8+ Kxf6 44.Nxc6 Bxc6 45.Bxg4 d4 46.Bc8 Bb5 47.g4 Bd3 48.Ke1 Bc4 49.Kd2 Bf1
50.Bf5 Ke7 51.g5 Kd6 52.Bd3  1-0

[Event "24th ECC"]
[Site "Kallithea GRE"]
[Date "2008.10.18"]
[Round "2"]
[White "Feygin,M"]
[Black "Brady,S"]
[Result "1-0"]
[WhiteElo "2569"]
[BlackElo "2385"]

1.e4 e6 2.d4 d5 3.Nd2 Be7 4.Ngf3 Nf6 5.Bd3 dxe4 6.Nxe4 Nxe4 7.Bxe4 Nd7 8.Qe2 O-O
9.Be3 Nf6 10.Bd3 c5 11.O-O-O Qc7 12.Kb1 b6 13.Bg5 Bb7 14.dxc5 bxc5 15.Ne5 Nd5
16.h4 Rab8 17.Ka1 f6 18.Qh5 f5 19.Bxe7 Qxe7 20.Bc4 Rfd8 21.Rhe1 Nf4 22.Qxf5 Rf8
23.Qg4 Bxg2 24.Nd7 h5 25.Rxe6 hxg4 26.Rxe7+ Kh7 27.Nxb8 Rxb8 28.Rdd7 Nh5
29.Bd3+ Kh6 30.Rd6+ Nf6  1-0

[Event "24th ECC"]
[Site "Kallithea GRE"]
[Date "2008.10.19"]
[Round "3"]
[White "Jens,J"]
[Black "Fiebig,T"]
[Result "1/2-1/2"]
[WhiteElo "2379"]
[BlackElo "2401"]

1.e4 e6 2.d4 d5 3.Nd2 Be7 4.Bd3 c5 5.dxc5 Nf6 6.Qe2 O-O 7.Ngf3 a5 8.O-O Na6
9.e5 Nd7 10.c3 Naxc5 11.Bc2 b6 12.Re1 Ba6 13.Qe3 f6 14.exf6 Bxf6 15.Nd4 Re8
16.Qf3 Nf8 17.Qg3 e5 18.Nf5 Ng6 19.Nb3 e4 20.Qd6 Qxd6 21.Nxd6 Red8 22.Nf5 a4
23.Nbd4 Ne5 24.Be3 Rac8 25.a3 Nc4 26.Rab1 h5 27.Ng3 g6 28.Nf1 Ne5 29.Red1 Bd3
30.Nd2 Ng4 31.Bxd3 Nxd3 32.Nc2 Rf8 33.f3 Nxe3 34.Nxe3 Be7 35.Nxd5 Bc5+ 36.Kf1 Rcd8
37.c4 exf3 38.Nxf3 Ne5 39.Nf6+ Kg7 40.Nxe5 Rxf6+ 41.Nf3 Rxd1+ 42.Rxd1 g5
43.Rd7+ Kg6 44.Ke2  1/2-1/2

[Event "Guernsey Open"]
[Site "Guernsey GCI"]
[Date "2008.10.20"]
[Round "2"]
[White "Cummins,J"]
[Black "Jamieson,I"]
[Result "1/2-1/2"]
[WhiteElo "1919"]
[BlackElo "2013"]

1.e4 e6 2.d4 d5 3.Nd2 Be7 4.Ngf3 dxe4 5.Nxe4 Nd7 6.Be2 Ngf6 7.Nxf6+ Bxf6
8.c3 e5 9.dxe5 Nxe5 10.Qxd8+ Kxd8 11.Nxe5 Bxe5 12.Be3 c6 13.O-O-O+ Kc7 14.Bc4 Be6
15.Bxe6 fxe6 16.g3 Rhe8 17.Rhe1 Bd6 18.f4 b5 19.Bd4 g6 20.Be5 Bxe5 21.Rxe5  1/2-1/2

[Event "24th ECC"]
[Site "Kallithea GRE"]
[Date "2008.10.20"]
[Round "4"]
[White "McDonnell,J"]
[Black "Sorensen,Jan1"]
[Result "0-1"]
[WhiteElo "2041"]
[BlackElo "2416"]

1.e4 e6 2.d4 d5 3.Nd2 Nc6 4.Ngf3 Nf6 5.e5 Nd7 6.Nb3 a5 7.a4 Be7 8.Bb5 Na7
9.Bd3 b6 10.c3 c5 11.Nbd2 Nc6 12.Nb1 O-O 13.O-O Ba6 14.Re1 Bxd3 15.Qxd3 cxd4
16.cxd4 Nb4 17.Qe2 Qc7 18.Nc3 Rfc8 19.Bg5 Bxg5 20.Nxg5 h6 21.Nf3 Qc4 22.Rad1 Qxe2
23.Rxe2 Rc4 24.g3 Rac8 25.Kg2 Nb8 26.Red2 N8a6 27.Kf1 Nc6 28.Kg2 Ne7 29.Kf1 Nf5
30.Kg2 Rb4 31.h3 Rc6 32.Kf1 Nc7 33.Kg2 g5 34.g4 Ne7 35.h4 gxh4 36.Nxh4 b5
37.axb5 Nxb5 38.Nxb5 Rxb5 39.f4 Rcb6 40.Rb1 a4 41.Nf3 a3 42.Kf1 Nc6 43.Ke1 Rb3
44.Ke2 Na5 45.Ne1 Rxb2 46.Ra1  0-1

[Event "24th ECC"]
[Site "Kallithea GRE"]
[Date "2008.10.20"]
[Round "4"]
[White "Borisek,J"]
[Black "David,Alb"]
[Result "1-0"]
[WhiteElo "2548"]
[BlackElo "2585"]

1.e4 e6 2.d4 d5 3.Nd2 Be7 4.Ngf3 Nf6 5.e5 Nfd7 6.Bd3 c5 7.c3 Nc6 8.O-O a5
9.Re1 cxd4 10.cxd4 a4 11.Nf1 Nb6 12.Ng3 Bd7 13.Nh5 g6 14.Nf6+ Bxf6 15.exf6 Qxf6
16.Bg5 Qg7 17.Qd2 f6 18.Bh6 Qe7 19.h4 Nc8 20.Rac1 Nb4 21.Bb1 Na6 22.Nh2 Nd6
23.Ng4 Kf7 24.Bf4 Nc4 25.Qd3 Nb4 26.Qg3 f5 27.Nh6+ Ke8 28.b3 axb3 29.axb3 Ra3
30.Rc3  1-0

[Event "LiraH Autumn"]
[Site "Lichtenrade GER"]
[Date "2008.10.22"]
[Round "5"]
[White "Svane,R"]
[Black "Zschaebitz,K"]
[Result "1-0"]
[WhiteElo "1967"]
[BlackElo "2114"]

1.e4 e6 2.d4 d5 3.Nd2 a6 4.Ngf3 c5 5.dxc5 Bxc5 6.Bd3 Nc6 7.O-O Nf6 8.Qe2 Qc7
9.a3 Bd7 10.b4 Nd4 11.Qd1 Nxf3+ 12.Qxf3 Bd4 13.Rb1 Be5 14.h3 Bc6 15.exd5 Bxd5
16.Qe2 Ba2 17.Rb2 Bxb2 18.Bxb2 Bd5 19.c4 Bc6 20.c5 Bd5 21.Re1 Rd8 22.Be5 Qc6
23.Rd1 Bxg2 24.b5 Qd7 25.Bd6 Bd5 26.bxa6 bxa6 27.Bxa6 Ra8 28.Rb1 Kd8 29.Nc4 Qa7
30.Ne5 Ne4 31.Qb5 Nxd6 32.cxd6 f6 33.Qa5+ Ke8 34.d7+ Ke7 35.Qb4+ Kd8 36.Nf7+ Kxd7
37.Qd6+ Ke8 38.Nxh8 Qxa6 39.Rb8+ Rxb8 40.Qxa6 Rd8 41.Qa7 Rd7 42.Qc5 e5 43.a4 Be6
44.a5 Bxh3 45.a6 Bg4 46.a7 Bf3 47.Qc8+ Ke7 48.a8=Q Bxa8 49.Qxa8 Rd8 50.Qb7+ Rd7
51.Qb3 Kf8 52.Qb8+ Ke7 53.Qg8  1-0

[Event "WYCC Boys U18"]
[Site "Vung Tau City VIE"]
[Date "2008.10.22"]
[Round "4"]
[White "Can,E"]
[Black "Saravana,Kr"]
[Result "1-0"]
[WhiteElo "2464"]
[BlackElo "2262"]

1.e4 e6 2.d4 d5 3.Nd2 Be7 4.Bd3 c5 5.c3 cxd4 6.cxd4 Nc6 7.Ngf3 Qb6 8.O-O Nf6
9.e5 Nd7 10.Nb3 a5 11.a4 Nb4 12.Bb1 Qd8 13.Nfd2 f5 14.exf6 Nxf6 15.Nf3 O-O
16.Re1 Bd6 17.Bg5 Qe8 18.Ne5 b6 19.Nd2 Qh5 20.Qxh5 Nxh5 21.Ra3 Ra7 22.Rc3 Ba6
23.Ndf3 Rc7 24.Rxc7 Bxc7 25.Be7 Re8 26.Bxb4 axb4 27.Nc6 Nf4 28.Nxb4 Bc4 29.g3 Bd6
30.gxf4 Bxb4 31.Re3 Rf8 32.Ng5 Rxf4 33.Bxh7+ Kh8 34.h3 Rf6 35.Bc2 Bd2 36.Rxe6 Rxe6
37.Nxe6 Kg8 38.Nc7 Bf4 39.Na8 Bg5 40.b3 Ba6 41.Nxb6 Bb7 42.b4 Kf7 43.Nd7 Bc8
44.Ne5+ Ke6 45.Bd1 Bb7 46.Bg4+ Ke7 47.f4  1-0

[Event "WYCC Boys U14"]
[Site "Vung Tau City VIE"]
[Date "2008.10.22"]
[Round "4"]
[White "Chen Peng"]
[Black "Kotainy,J"]
[Result "1-0"]
[WhiteElo "2046"]
[BlackElo "2210"]

1.e4 e6 2.d4 d5 3.Nd2 Be7 4.Ngf3 Nf6 5.e5 Nfd7 6.c4 c5 7.dxc5 Nc6 8.Nb3 Nxc5
9.Be2 O-O 10.Nxc5 Bxc5 11.O-O dxc4 12.Bxc4 Qb6 13.Qe2 Bd7 14.Rd1 Rad8 15.Bg5 Ne7
16.a3 h6 17.Bh4 a5 18.b4 axb4 19.axb4 Bxb4 20.Qb2 g5 21.Nxg5 hxg5 22.Bxg5 Qc5
23.Rdc1 Ng6 24.Bf6 Ra8 25.Bxe6 Rxa1 26.Qxa1 Qb5 27.Bc4 Qa5 28.Qb1 Kh7 29.h4 Bg4
30.h5 Bxh5 31.Qf5 Rh8 32.Qxh5+ Kg8  1-0

[Event "24th ECC"]
[Site "Kallithea GRE"]
[Date "2008.10.23"]
[Round "7"]
[White "Muhren,B"]
[Black "Salter,D"]
[Result "1-0"]
[WhiteElo "2278"]
[BlackElo "1953"]

1.e4 e6 2.d4 d5 3.Nd2 Nc6 4.Ngf3 Nf6 5.e5 Nd7 6.Bd3 f6 7.Ng5 Ndxe5 8.dxe5 fxg5
9.Qh5+ Kd7 10.Nf3 g6 11.Qg4 Be7 12.Nxg5 Bxg5 13.Bxg5 Qf8 14.Bf6 Rg8 15.O-O-O Ne7
16.h4 h5 17.Qa4+ c6 18.g4 Qf7 19.Qb4 Ke8 20.gxh5 gxh5 21.Rhg1 Rg4 22.Rxg4 hxg4
23.Rg1 Ng8 24.Rxg4 Nxf6 25.Bg6 Nxg4 26.Qxg4 Bd7 27.h5  1-0

[Event "Guernsey Open"]
[Site "Guernsey GCI"]
[Date "2008.10.24"]
[Round "6"]
[White "Wallace,P"]
[Black "Timmermans,I"]
[Result "1-0"]
[WhiteElo "2259"]
[BlackElo "2226"]

1.e4 e6 2.d4 d5 3.Nd2 Be7 4.Bd3 c5 5.dxc5 Nf6 6.Qe2 O-O 7.Ngf3 a5 8.c3 Na6
9.e5 Nd7 10.Nd4 Naxc5 11.Bc2 Qc7 12.N2f3 f6 13.Bf4 fxe5 14.Bxe5 Nxe5 15.Nxe5 Bf6
16.f4 g5 17.g3 Qg7 18.O-O-O Bd7 19.Nxd7 Qxd7 20.Qg4 b5 21.h4 Bxd4 22.cxd4 Na6
23.hxg5 Rac8 24.Kb1 Rf7 25.g6 hxg6 26.Bxg6 Rg7 27.Qh5  1-0

[Event "TCh-HUN 2008-9"]
[Site "Kazincbarcika HUN"]
[Date "2008.10.26"]
[Round "1"]
[White "Szamoskozi,G"]
[Black "Meszaros,Gyu"]
[Result "1-0"]
[WhiteElo "2319"]
[BlackElo "2408"]

1.e4 e6 2.d4 d5 3.Nd2 Nc6 4.Ngf3 Nf6 5.e5 Nd7 6.Bb5 a5 7.c3 Ncb8 8.O-O b6
9.Re1 Ba6 10.a4 c6 11.Bxa6 Nxa6 12.Nf1 Be7 13.g3 b5 14.h4 b4 15.Bg5 c5 16.Bxe7 Qxe7
17.c4 dxc4 18.d5 exd5 19.Ne3 O-O 20.Nxd5 Qd8 21.Ng5 h6 22.e6 Nf6 23.exf7+ Rxf7
24.Nxf7 Qxd5 25.Qxd5 Nxd5 26.Nd6 c3 27.bxc3 bxc3 28.Rac1 Nab4 29.Red1 Ra6
30.Nb5 c2 31.Rd2 Re6 32.Na3 Nc3 33.Kf1 Nxa4 34.Nxc2 Nb6 35.Ne3 c4 36.Rd8+ Kh7
37.h5 Rc6 38.Ng4 g5 39.Re1 N6d5 40.Rd7+  1-0

[Event "Open A"]
[Site "Le Touquet FRA"]
[Date "2008.10.28"]
[Round "4"]
[White "Sokolov,And1"]
[Black "Gervasio,R"]
[Result "1-0"]
[WhiteElo "2559"]
[BlackElo "2297"]

1.e4 e6 2.d4 d5 3.Nd2 Nc6 4.Ngf3 Nf6 5.e5 Nd7 6.Be2 f6 7.exf6 Qxf6 8.Nf1 Bd6
9.Ng3 e5 10.dxe5 Ndxe5 11.O-O Be6 12.Ng5 Bf7 13.Nh5 Bxh5 14.Bxh5+ g6 15.f4 Nf7
16.Re1+ Ne7 17.Re6 Bc5+ 18.Kf1 Qd4 19.Qxd4 Bxd4 20.Nf3 Bc5 21.Bg4 O-O 22.Bd2 Nh6
23.Bh3 Nc6 24.Rae1 Nf5 25.c3 a5 26.g3 Rad8 27.Ng5 Bd6 28.R6e2 Rd7 29.Be3 Re7
30.Bf2 Rxe2 31.Rxe2 Nd8 32.a4 h6 33.Nf3 Kf7 34.Ne5+ Kg7 35.Bg2 c6 36.Bb6 Re8
37.Nd3 Rxe2 38.Kxe2 Ne6 39.Bxa5 Nc5 40.Nxc5 Bxc5 41.Bc7 h5 42.Be5+ Kf7 43.Bh3 Bg1
44.Bxf5 gxf5 45.Bd4 Bxd4 46.cxd4 Kg6 47.Kf3 Kh6 48.b4 Kg6 49.h3 Kf6 50.g4 h4
51.g5+  1-0

[Event "WYCC Boys U18"]
[Site "Vung Tau City VIE"]
[Date "2008.10.28"]
[Round "9"]
[White "Howell,D"]
[Black "Aitbayev,A"]
[Result "1-0"]
[WhiteElo "2593"]
[BlackElo "2296"]

1.e4 e6 2.d4 d5 3.Nd2 Be7 4.e5 c5 5.Qg4 Kf8 6.Nb3 cxd4 7.Nf3 Nc6 8.Bd3 f6
9.Nbxd4 fxe5 10.Nxc6 bxc6 11.Nxe5 Nf6 12.Qg3 c5 13.c4 Bb7 14.O-O Qb6 15.b3 Rd8
16.Bb2 d4 17.Rae1 Bd6 18.Bc1 Qc7 19.f4 Re8 20.Re2 Bc8 21.Bd2 Re7 22.a3 Bb7
23.b4 Ke8 24.Qe1 Kd8 25.bxc5 Bxc5 26.Ba5 Bb6 27.Bb4 Bc5 28.Rb2 Kc8 29.Bxc5 Qxc5
30.Rb5 Qd6 31.Qb1 Rf8 32.Rf2 Ba6 33.c5 Qc7 34.Rb8+ Qxb8 35.Qxb8+ Kxb8 36.Bxa6  1-0

[Event "Grand Prix CCAS"]
[Site "Cap D'Agde FRA"]
[Date "2008.10.30"]
[Round "7"]
[White "Trent,L"]
[Black "Cornette,M"]
[Result "1/2-1/2"]
[WhiteElo "2470"]
[BlackElo "2548"]

1.e4 e6 2.d4 d5 3.Nd2 a6 4.Bd3 c5 5.dxc5 Nf6 6.Ngf3 dxe4 7.Bxe4 Bxc5 8.O-O O-O
9.Qe2 Nbd7 10.b3 Qe7 11.a3 Nxe4 12.Nxe4 b5 13.Bb2 Bb7 14.Rad1 Bxe4 15.Qxe4 Nf6
16.Bxf6  1/2-1/2

[Event "ch-BRA s/f"]
[Site "Dois Irmaos BRA"]
[Date "2008.10.30"]
[Round "1"]
[White "Shumyatsky,V"]
[Black "Macedo,MIa"]
[Result "0-1"]
[WhiteElo "2063"]
[BlackElo "2264"]

1.e4 e6 2.d4 d5 3.Nd2 Nc6 4.Ngf3 Nf6 5.e5 Nd7 6.Nb3 Be7 7.c3 f6 8.exf6 Bxf6
9.Bd3 e5 10.dxe5 Ndxe5 11.Nxe5 Nxe5 12.Bc2 Bg4 13.Qd2 Nc4 14.Qd3 Qe7+ 15.Kf1 O-O-O
16.f3 Rhe8 17.Qd1 Bh4 18.g3 Ne3+ 19.Bxe3 Bh3+  0-1

[Event "WYCC Boys U16"]
[Site "Vung Tau City VIE"]
[Date "2008.10.30"]
[Round "11"]
[White "Durarbeyli,V"]
[Black "Shimanov,A"]
[Result "1-0"]
[WhiteElo "2434"]
[BlackElo "2476"]

1.e4 e6 2.d4 d5 3.Nd2 Be7 4.Bd3 c5 5.dxc5 Nf6 6.Qe2 O-O 7.Ngf3 Nfd7 8.Nb3 a5
9.e5 a4 10.Nbd4 Nxc5 11.O-O a3 12.bxa3 Nc6 13.Rb1 Bd7 14.Nb5 Ra4 15.Be3 b6
16.Bxc5 bxc5 17.c4 Ra8 18.Rfd1 Na5 19.Qc2 g6 20.Nc3 Bc6 21.cxd5 exd5 22.Be4 d4
23.Bxc6 Nxc6 24.Qe4 Rxa3 25.Nd5 Re8 26.Rb7 Ra7 27.Rdb1 Rxb7 28.Rxb7 Bf8 29.Rd7 Nxe5
30.Nxe5 Qg5 31.f4  1-0

[Event "SenWM"]
[Site "Bad Zwischenahn GER"]
[Date "2008.10.31"]
[Round "4"]
[White "Kuindzhy,A"]
[Black "Simon Padros,E"]
[Result "1/2-1/2"]
[WhiteElo "2395"]
[BlackElo "2247"]

1.e4 e6 2.d4 d5 3.Nd2 Nc6 4.Ngf3 Nf6 5.e5 Nd7 6.Nb3 Be7 7.Bb5 Ncb8 8.O-O O-O
9.Re1 b6 10.c3 c5 11.Nbd2 Ba6 12.a4 c4 13.b3 cxb3 14.Nxb3 Bb7 15.a5 a6 16.Bxd7 Nxd7
17.axb6 Nxb6 18.Na5 Qc7 19.Ba3 Bxa3 20.Rxa3 Nc4 21.Nxc4 dxc4 22.Ng5 Qe7 23.Qc1 Rfb8
24.h3 Bd5 25.Ne4 Bxe4 26.Rxe4 Rb3 27.Ra5 Qb7 28.Re1 Rc8 29.Qa1 Rc6 30.Kh2 h6
31.Re3 Rb5 32.Re2 Rcb6 33.Rxb5 axb5 34.Ra2 Qe4 35.Ra8+ Kh7 36.Ra7 Rb7 37.Rxb7 Qxb7
38.Qa3 Qe4 39.Qb2 g6 40.f3 Qf4+ 41.Kg1 Qe3+ 42.Kh2  1/2-1/2

[Event "ch-BRA s/f"]
[Site "Dois Irmaos BRA"]
[Date "2008.11.01"]
[Round "5"]
[White "Rocha,Ce"]
[Black "Macedo,MIa"]
[Result "0-1"]
[WhiteElo "2157"]
[BlackElo "2264"]

1.e4 e6 2.d4 d5 3.Nd2 Nc6 4.Ngf3 Nf6 5.e5 Nd7 6.c3 f6 7.exf6 Qxf6 8.Bb5 e5
9.dxe5 Ndxe5 10.Qe2 Bd6 11.Nxe5 Qxe5 12.Qxe5+ Bxe5 13.Nf3 Bd6 14.O-O O-O
15.Be3 Ne7 16.Nd4 c5 17.Nb3 b6 18.Rad1 Bb7 19.Bd7 Rad8 20.Be6+ Kh8 21.Bg5 h6
22.Bh4 g5 23.Bg3 Bxg3 24.fxg3 Kg7 25.Rfe1 Ng6 26.Bg4 Rfe8 27.Bh5 Bc6 28.Nc1 Rxe1+
29.Rxe1 Re8 30.Rxe8 Bxe8 31.Bf3 Ne7 32.Kf2 Kf6 33.Nd3 Bg6 34.Ke3 Bxd3 35.Kxd3 Ke5
36.b3 b5 37.b4 c4+ 38.Ke3 Nf5+ 39.Kd2 d4 40.Bc6 Nd6 41.a4 Ne4+ 42.Bxe4 Kxe4
43.axb5 d3 44.h3 h5 45.b6 axb6 46.b5 h4  0-1

[Event "TCh-BEL 2008-9"]
[Site "Belgium BEL"]
[Date "2008.11.02"]
[Round "3"]
[White "Rozentalis,E"]
[Black "Wiley,To"]
[Result "1/2-1/2"]
[WhiteElo "2577"]
[BlackElo "2310"]

1.e4 e6 2.d4 d5 3.Nd2 Be7 4.Ngf3 Nf6 5.Bd3 c5 6.dxc5 O-O 7.Qe2 a5 8.c4 Na6
9.e5 Nd7 10.h4 h6 11.Nb3 Naxc5 12.Bb1 Nxb3 13.axb3 Bb4+ 14.Kf1 dxc4 15.bxc4 f5
16.exf6 Nxf6 17.Bf4 b6 18.Kg1 Bd6 19.Ne5 Bb7 20.Rh3 Qc7 21.Re3 Nd7 22.Bg3 Nxe5
23.Bxe5 Bxe5 24.Rxe5 Rf4 25.Rxe6 Raf8 26.Qd3 Rxh4 27.Qh7+ Kf7 28.Qg6+ Kg8
29.Rd6 Be4 30.Bxe4  1/2-1/2

[Event "TCh-HUN 2008-9"]
[Site "Szombathely HUN"]
[Date "2008.11.02"]
[Round "2"]
[White "Csonka,A1"]
[Black "Sebestyen,Ba"]
[Result "1-0"]
[WhiteElo "2275"]
[BlackElo "2283"]

1.e4 e6 2.d4 d5 3.Nd2 Nc6 4.Ngf3 Nf6 5.e5 Nd7 6.Nb3 a5 7.a4 b6 8.Bb5 Ncb8
9.Ng5 Ba6 10.Qh5 g6 11.Qh3 c6 12.Bd3 Bxd3 13.cxd3 Be7 14.f4 Bxg5 15.fxg5 Qe7
16.O-O Qb4 17.Ra3 Na6 18.Bd2 Qe7 19.Raa1 Nb4 20.Rf4 c5 21.Rc1 cxd4 22.Nxd4 Nxe5
23.Bxb4 axb4 24.Re1 Qd6 25.Nb5 Qb8 26.d4 Nc4 27.Rxf7 Kxf7 28.Qxe6+ Kg7 29.Qf6+ Kg8
30.Re7  1-0

[Event "12th OIBM"]
[Site "Bad Wiessee GER"]
[Date "2008.11.03"]
[Round "3"]
[White "Handke,F"]
[Black "Boehle,L"]
[Result "1-0"]
[WhiteElo "2498"]
[BlackElo "2245"]

1.e4 e6 2.d4 d5 3.Nd2 Be7 4.Ngf3 Nf6 5.Bd3 c5 6.e5 Nfd7 7.c3 Nc6 8.O-O a5
9.a4 g5 10.dxc5 g4 11.Nd4 Ndxe5 12.N2b3 Nxd3 13.Qxd3 e5 14.Nb5 h5 15.Qxd5 Be6
16.Qxd8+ Rxd8 17.Ra3 Bxb3 18.Rxb3 Bxc5 19.Nc7+ Kd7 20.Rxb7 Kc8 21.Rb5 Bxf2+
22.Kxf2 Kxc7 23.Ke2 Rd7 24.Rf6 Rh7 25.Be3 Rd6 26.Rf1 f6 27.Bc5 Re6 28.Ke3 h4
29.Ke4 h3 30.gxh3 Rxh3 31.Kf5 Nd8 32.Kxg4 Rxh2 33.Bf2 Nc6 34.b4 axb4 35.cxb4 f5+
36.Kg3 Rhh6 37.Bb6+ Kc8 38.Rxf5 Rhg6+ 39.Kf2 Rg4 40.Rf8+ Kd7 41.Bc5 Rh6 42.Rb6 Rh2+
43.Kf3 Rhg2 44.Ke3 e4 45.Rf4 R4g3+ 46.Kxe4 Re2+ 47.Kd5 Rd2+ 48.Kc4  1-0

[Event "21st Belgrade Trophy"]
[Site "Obrenovac SRB"]
[Date "2008.11.04"]
[Round "8"]
[White "Volas,N"]
[Black "Weinzettl,E"]
[Result "1/2-1/2"]
[WhiteElo "2114"]
[BlackElo "2249"]

1.e4 e6 2.d4 d5 3.Nd2 Be7 4.Ngf3 Nf6 5.Bd3 c5 6.e5 Nfd7 7.c3 Nc6 8.O-O a5
9.Re1 cxd4 10.cxd4 g5 11.h3 h5 12.Nf1 g4 13.hxg4 hxg4 14.N3h2 Bb4 15.Re3 Nxd4
16.Qxg4 Nc6 17.Qg7 Rf8 18.Ng4 Be7 19.Rf3 Qc7 20.Bf4 Nc5 21.Bb5 Bd7 22.Nf6+ Bxf6
23.exf6 e5 24.Bxc6 bxc6 25.Re1 Ne4 26.Rfe3 O-O-O 27.Rxe4 dxe4 28.Bg3 Be6
29.Qg5 Rg8 30.Qc1  1/2-1/2

[Event "12th OIBM"]
[Site "Bad Wiessee GER"]
[Date "2008.11.06"]
[Round "6"]
[White "Gerstner,B"]
[Black "Reefschlaeger,H"]
[Result "1/2-1/2"]
[WhiteElo "2183"]
[BlackElo "2321"]

1.e4 e6 2.d4 d5 3.Nd2 Be7 4.Ngf3 Nf6 5.Bd3 c5 6.dxc5 a5 7.O-O O-O 8.Qe2 Na6
9.e5 Nd7 10.c3 Naxc5 11.Bc2 b6 12.Re1 Ba6 13.Qe3 f6 14.exf6 Bxf6 15.Nd4 Re8
16.Qh3 g6 17.N2b3 e5 18.Nxc5 exd4 19.Ne6 Nc5 20.Bd2  1/2-1/2

[Event "Pan-American Continental"]
[Site "Boca Raton USA"]
[Date "2008.11.06"]
[Round "8"]
[White "Leon Hoyos,M"]
[Black "Bhat,V"]
[Result "1/2-1/2"]
[WhiteElo "2535"]
[BlackElo "2498"]

1.e4 e6 2.d4 d5 3.Nd2 Nc6 4.Ngf3 Nf6 5.e5 Nd7 6.Be2 Be7 7.Nf1 O-O 8.Ne3 f6
9.exf6 Nxf6 10.O-O Bd6 11.c4 b6 12.a3 a5 13.Qc2 Bb7 14.Re1 Kh8 15.Bd3 dxc4
16.Qxc4 e5 17.dxe5 Nxe5 18.Nxe5 Bxe5 19.Bc2  1/2-1/2

[Event "USCL KO 2008"]
[Site "ICC INT"]
[Date "2008.11.10"]
[Round "1"]
[White "Shankland,S"]
[Black "Schneider,Ig"]
[Result "1-0"]
[WhiteElo "2436"]
[BlackElo "2397"]

1.e4 e6 2.d4 d5 3.Nd2 a6 4.Ngf3 Nf6 5.e5 Nfd7 6.Bd3 c5 7.c3 Nc6 8.O-O Be7
9.Re1 g5 10.dxc5 g4 11.Nd4 Ncxe5 12.N2b3 Nxd3 13.Qxd3 Nxc5 14.Nxc5 Bxc5 15.Bf4 Bd7
16.b4 Be7 17.Qg3 Rg8 18.Bc7 Bh4 19.Qd6 Be7 20.Qb6 Qc8 21.c4 a5 22.b5 dxc4
23.Rac1 Rg6 24.Nc6 bxc6 25.bxc6 e5 26.cxd7+ Qxd7 27.Qb7 Qc6 28.Qxc6+ Rxc6
29.Bxe5 f6 30.Bc3 Kf7 31.Re4 h5 32.g3 a4 33.Rce1 Bf8 34.Rd1 a3 35.Rdd4 Rac8
36.Kg2 Kg6 37.Rd7 Rb8 38.h3 gxh3+ 39.Kxh3 Rb2 40.Re8 Bb4 41.Bd4 Rxa2 42.g4 hxg4+
43.Kxg4 f5+ 44.Kf3 f4 45.Kg4 Rd6 46.Rg7+  1-0

[Event "38th Olympiad"]
[Site "Dresden GER"]
[Date "2008.11.13"]
[Round "1"]
[White "Mas,H"]
[Black "Homrana,M"]
[Result "1-0"]
[WhiteElo "2439"]
[BlackElo "2001"]

1.e4 e6 2.d4 d5 3.Nd2 Be7 4.Ngf3 c5 5.exd5 exd5 6.dxc5 Bxc5 7.Nb3 Be7 8.Bb5+ Nc6
9.O-O a6 10.Bd3 Nf6 11.h3 Nb4 12.Be2 Bf5 13.Nbd4 Bg6 14.Ne5 Rc8 15.c3 Nc6
16.Ndxc6 bxc6 17.Bxa6 Rc7 18.Qa4 O-O 19.Nxc6 Qd6 20.Bb5 Ne4 21.Nxe7+ Rxe7
22.Qd4 Nc5 23.Be3 Ne6 24.Qd2 f5 25.f4 Nc5 26.Rad1 Bf7 27.Bd4 Bh5 28.Rde1 Ne4
29.Qe3 Rb7 30.a4 g5 31.b4 g4 32.Bc5 Qf6 33.Bxf8 Kxf8 34.Qd4 Qxd4+ 35.cxd4 gxh3
36.gxh3  1-0

[Event "38th Olympiad"]
[Site "Dresden GER"]
[Date "2008.11.13"]
[Round "1"]
[White "Adams,Mi"]
[Black "Gurevich,M1"]
[Result "1-0"]
[WhiteElo "2734"]
[BlackElo "2634"]

1.e4 e6 2.d4 d5 3.Nd2 a6 4.Ngf3 c5 5.dxc5 Bxc5 6.Bd3 Nc6 7.O-O Nf6 8.exd5 exd5
9.Nb3 Bb6 10.Re1+ Be6 11.c3 O-O 12.h3 Ne4 13.Be3 Bf5 14.Nbd4 Bg6 15.Nxc6 bxc6
16.Ne5 Bc7 17.Nxg6 hxg6 18.Bxe4 dxe4 19.Qa4 Qd6 20.Qxe4 Rae8 21.Qf3 Qh2+
22.Kf1 f5 23.g3 Qxh3+ 24.Qg2 Qg4 25.Bd4 f4 26.gxf4 Qd7 27.Qxg6 Bxf4 28.b4 Bd6
29.Rad1 Rxe1+ 30.Rxe1 Bxb4 31.Qe6+ Rf7 32.Qxd7 Rxd7 33.Re8+ Kf7 34.Rc8 c5
35.Be5 Ba3 36.Rc6 Re7 37.Bd6 Re4 38.Rxa6 Bb2 39.Bxc5 Bxc3 40.Be3 Rb4 41.Ke2 Bd4
42.a4 Bxe3 43.fxe3 g5 44.a5 Ra4 45.Ra8  1-0